| Поле | Инд. | ПП | Название | Значение |
|---|---|---|---|---|
| Тип записи | a | |||
| Библиографический уровень | m | |||
| 001 | Контрольный номер | RU/IS/BASE/213121363 | ||
| 005 | Дата корректировки | 20221122155050.3 | ||
| 020 | a | ISBN | 5-94836-031-8 | |
| 040 | b | Код языка каталог. | rus | |
| 041 | a | Код языка текста | rus | |
| 080 | a | Индекс УДК | 621.383 | |
| 084 | a | Индекс другой классификации/Индекс ББК | 32.854 | |
| 090 | a | Полочн. индекс | 621.383 | |
| c | Каталожный индекс | 621.383 | ||
| x | Авторский знак | Р64 | ||
| 097 | b | Оператор | 02 | |
| 100 | a | Автор | Розеншер Э. | |
| 245 | a | Заглавие | Оптоэлектроника | |
| c | Ответственность | пер. с фр. ; под ред. О. Н. Ермакова | ||
| 260 | a | Место издания | Москва | |
| b | Издательство | Техносфера | ||
| c | Дата издания | 2006 | ||
| 300 | a | Объем | 592 с. | |
| 440 | a | Серия | Мир электроники | |
| 510 | a | Примечание о ссылках | Книги и методические пособия | |
| 650 | a | Основная рубрика | 47.33 Твердотельные приборы | |
| x | Основная подрубрика | 47.33.33 Оптоэлектронные приборы | ||
| 653 | a | Ключевые слова | оптоэлектроника | |
| 700 | a | Другие авторы | Винтер Б. | |
| 901 | t | Тип документа | m |